EUDR a jeho vývoj až po súčasnosť
Nariadenie o odlesňovaní, známe pod skratkou EUDR, sa po roku dočkalo svojej ďalšej podoby. Po dvoch – troch mesiacoch rozhovorov, konzultácií a rokovaní sa legislatívne inštitúcie EÚ zhodli na jeho úprave, ďalšej. Čo priniesli tieto zmeny jednotlivým subjektom v dodávateľskom reťazci? Nestratí sa p...
Salvato in:
| Autore principale: | |
|---|---|
| Natura: | Capitolo di libro |
| Lingua: | slovacco |
| Soggetti: | |
| Tags: |
Nessun Tag, puoi essere il primo ad aggiungerne!!
|
MARC
| LEADER | 00000naa a2200000 4500 | ||
|---|---|---|---|
| 001 | 0315126 | ||
| 005 | 20260225084217.5 | ||
| 041 | 0 | |a slo | |
| 044 | |a SK | ||
| 245 | 1 | 0 | |a EUDR a jeho vývoj až po súčasnosť |c Alexandra Grgulová |
| 520 | |a Nariadenie o odlesňovaní, známe pod skratkou EUDR, sa po roku dočkalo svojej ďalšej podoby. Po dvoch – troch mesiacoch rozhovorov, konzultácií a rokovaní sa legislatívne inštitúcie EÚ zhodli na jeho úprave, ďalšej. Čo priniesli tieto zmeny jednotlivým subjektom v dodávateľskom reťazci? Nestratí sa pôvodná snaha o krajšiu a zelenšiu Európu? Bude to už finálna podoba, či môžeme očakávať ešte ďalšie zmeny v EUDR povinnostiach? | ||
| 610 | 2 | 0 | |a lesy |
| 610 | 2 | 0 | |a vývoj |
| 610 | 2 | 0 | |a právo |
| 610 | 2 | 0 | |a legislatíva |
| 610 | 2 | 0 | |a zákony |
| 610 | 2 | 0 | |a Európska únia |
| 610 | 2 | 0 | |a smernice |
| 100 | 1 | |a Grgulová, Alexandra | |